Inovácie podnikateľských modelov diplomová práca

Enregistré dans:
Détails bibliographiques
Auteur principal: Hedera, Michal
Collectivité auteur: Fakulta podnikového manažmentu EU. Katedra manažmentu
Autres auteurs: Slávik, Štefan, 1955-
Format: Livre
Langue:slovaque
Publié: Bratislava 2013
Tags: Ajouter un tag
Pas de tags, Soyez le premier à ajouter un tag!

MARC

LEADER 00000nbm a2200000 4500
001 0170892
005 20161109102416.8
041 0 |a slo 
044 |a SK 
245 1 0 |a Inovácie podnikateľských modelov  |b diplomová práca  |c Michal Hedera ; školiteľ: Richard Bednár 
264 1 |a Bratislava  |c 2013 
300 |a 70 s. 
100 1 |a Hedera, Michal 
700 1 |a Slávik, Štefan, 1955- 
710 2 |a Fakulta podnikového manažmentu EU. Katedra manažmentu